000 00596nam a2200181Ia 4500
003 GCL
008 140319s9999 xx 000 0 ara d
040 _aGCL /
_cGCL
082 0 4 _a811.1
_bا ا
100 1 _aاحمد اسماعيل النعيمى
245 1 0 _aالاسطورة فى الشعر العربى قبل الاسلام /
_cاحمد اسماعيل النعيمى
300 _a362 ص
490 _aالهيئة العامة للاستعلامات
_v0
650 0 4 _aالشعر العربى
650 0 4 _aالعصر الجاهلى
650 0 4 _aتاريخ ونقد
942 _2ddc
_cBK
999 _c47957
_d47957